WordPerfect 6 : the complete reference

Bibliographic Details
Main Author: Wyatt, Allen L
Other Authors: Sheldon, John
Format: Book
Published: Berkeley : Osborne McGraw-Hill , 1993
Subjects:

MARC

LEADER 00000cam a2200000 7i4500
001 0000004374
002 000004701
005 20000330.0
020 |a 0078819016 
090 0 0 |a 652.5   |b WYA 
100 1 |a Wyatt, Allen L 
245 1 0 |a WordPerfect 6 :   |b the complete reference   |c Allen L. Wyatt, Jim Sheldon, and Steven Nameroff 
260 |a Berkeley :   |b Osborne McGraw-Hill ,   |c 1993 
300 |a 981p. ;   |c 25cm. 
650 0 0 |a WordPerfect 6 
700 1 |a Sheldon, John 
999 |a 032939   |b BUKU   |c PINJAMAN   |e PERPUSTAKAAN KOMUNITI PETALING JAYA 
999 |a 032940   |b BUKU   |c PINJAMAN   |e PERPUSTAKAAN KOMUNITI PETALING JAYA